<?xml version="1.0" encoding="UTF-8"?><?xml-stylesheet type="text/xsl" href="static/style.xsl"?><OAI-PMH xmlns="http://www.openarchives.org/OAI/2.0/" xmlns:xsi="http://www.w3.org/2001/XMLSchema-instance" xsi:schemaLocation="http://www.openarchives.org/OAI/2.0/ http://www.openarchives.org/OAI/2.0/OAI-PMH.xsd"><responseDate>2026-04-17T06:01:53Z</responseDate><request verb="GetRecord" identifier="oai:www.recercat.cat:2117/126952" metadataPrefix="marc">https://recercat.cat/oai/request</request><GetRecord><record><header><identifier>oai:recercat.cat:2117/126952</identifier><datestamp>2025-07-23T00:51:37Z</datestamp><setSpec>com_2072_1033</setSpec><setSpec>col_2072_452951</setSpec></header><metadata><record xmlns="http://www.loc.gov/MARC21/slim" xmlns:dcterms="http://purl.org/dc/terms/" xmlns:xsi="http://www.w3.org/2001/XMLSchema-instance" xmlns:doc="http://www.lyncode.com/xoai" xsi:schemaLocation="http://www.loc.gov/MARC21/slim http://www.loc.gov/standards/marcxml/schema/MARC21slim.xsd">
   <leader>00925njm 22002777a 4500</leader>
   <datafield ind2=" " ind1=" " tag="042">
      <subfield code="a">dc</subfield>
   </datafield>
   <datafield ind2=" " ind1=" " tag="720">
      <subfield code="a">López Corral, Pedro Jesús</subfield>
      <subfield code="e">author</subfield>
   </datafield>
   <datafield ind2=" " ind1=" " tag="720">
      <subfield code="a">Rebollo Romera, Aroa</subfield>
      <subfield code="e">author</subfield>
   </datafield>
   <datafield ind2=" " ind1=" " tag="720">
      <subfield code="a">Sánchez Rodríguez, Norah</subfield>
      <subfield code="e">author</subfield>
   </datafield>
   <datafield ind2=" " ind1=" " tag="720">
      <subfield code="a">Vázquez Collado, Alejandro</subfield>
      <subfield code="e">author</subfield>
   </datafield>
   <datafield ind2=" " ind1=" " tag="260">
      <subfield code="c">2018-07-10</subfield>
   </datafield>
   <datafield ind2=" " ind1=" " tag="520">
      <subfield code="a">El proyecto ha sido realizado por diferentes estudiantes de ingeniería electrónica, eléctrica y de diseño, utilizando metodologías ágiles para la gestión del equipo. Este Trabajo Final de Grado presenta el diseño y la implementación de material logopédico para la fundación Ave María que es un centro que se encarga del cuidado de personas con discapacidad psíquica severa. Todo ello se ha llevado a cabo a través del Instituto de Robótica para la Dependencia de Sitges que colabora con esta fundación. Para el desarrollo del material logopédico se ha utilizado la metodología del design thinking para crear el diseño más óptimo posible para los usuarios a los que va dirigido. Para alcanzar el objetivo de su implementación se ha dividido el trabajo en varios capítulos. En el primer capítulo, se ha llevado a cabo un estudio del estado del arte para conocer el entorno en el que se trabaja y el estado actual de la tecnología para este tipo de personas con discapacidades psíquicas. En el segundo capítulo, se ha realizado el trabajo de campo en la fundación Ave María mediante entrevistas, visitas al centro, encuestas y observaciones de los usuarios interactuando con material logopédico a través de vídeos. A partir de ello, se ha creado una lista de soluciones de los dos apartados realizados anteriormente y de esta manera, se definen las necesidades más importantes que tiene que cubrir el producto a implementar. El tercer capítulo contiene la primera solución adoptada, en concreto se trata de la mejora de una espaldera interactiva que ya está en uso en la fundación. El capítulo explica las propuestas presentadas para la mejora de este equipamiento, teniendo en cuenta los requisitos adquiridos en el trabajo de campo como son la estimulación visual y auditiva a los usuarios o eliminar elementos conflictivos de la antigua espaldera. Además de justificar la solución adoptada, el capítulo detalla la funcionalidad del producto, su evolución a nivel electrónico, eléctrico y de diseño y el producto final en cuestión. El cuarto capítulo, contiene una segunda mejora de un equipamiento del centro propuesto por el Instituto de Robótica a partir de las reuniones realizadas a lo largo del proyecto. Este capítulo busca estudiar cómo regular la altura de un sistema ya en funcionamiento llamado Armoni. Este sistema consiste en un una pantalla con la que los usuarios pueden realizar diferentes actividades para su mejora cognitiva. Esta pantalla está acoplada a una mesa, la cual para regular su altura en función del paciente que la utiliza, se tiene que hacer de forma manual. Por tanto, se exponen las diferentes propuestas de mejora, la solución adoptada, su funcionalidad y los requisitos necesarios para integrarlo en un futuro sistema mecánico, así como estudio del sistema eléctrico necesario para la regulación de la altura. El último capítulo, detalla la gestión realizada del proyecto en cuanto a evolución del equipo, teniendo en cuenta los autores que han participado, los contratiempos que han surgido y las soluciones adoptadas para su desarrollo. Finalmente, se redactan las conclusiones de las dos mejoras en las que el equipo ha estado trabajando, unas conclusiones generales del proyecto y una descripción de posibles futuras líneas de trabajo.</subfield>
   </datafield>
   <datafield tag="653" ind2=" " ind1=" ">
      <subfield code="a">Àrees temàtiques de la UPC::Enginyeria biomèdica::Robòtica mèdica</subfield>
   </datafield>
   <datafield tag="653" ind2=" " ind1=" ">
      <subfield code="a">Àrees temàtiques de la UPC::Ciències de la salut::Logopèdia</subfield>
   </datafield>
   <datafield tag="653" ind2=" " ind1=" ">
      <subfield code="a">Robotics in medicine</subfield>
   </datafield>
   <datafield tag="653" ind2=" " ind1=" ">
      <subfield code="a">Speech therapy</subfield>
   </datafield>
   <datafield tag="653" ind2=" " ind1=" ">
      <subfield code="a">Arduino</subfield>
   </datafield>
   <datafield tag="653" ind2=" " ind1=" ">
      <subfield code="a">Raspberry</subfield>
   </datafield>
   <datafield tag="653" ind2=" " ind1=" ">
      <subfield code="a">Discapacidad</subfield>
   </datafield>
   <datafield tag="653" ind2=" " ind1=" ">
      <subfield code="a">Neopixel</subfield>
   </datafield>
   <datafield tag="653" ind2=" " ind1=" ">
      <subfield code="a">Ring</subfield>
   </datafield>
   <datafield tag="653" ind2=" " ind1=" ">
      <subfield code="a">Agile</subfield>
   </datafield>
   <datafield tag="653" ind2=" " ind1=" ">
      <subfield code="a">Design thinking</subfield>
   </datafield>
   <datafield tag="653" ind2=" " ind1=" ">
      <subfield code="a">Equipamiento logopédico</subfield>
   </datafield>
   <datafield tag="653" ind2=" " ind1=" ">
      <subfield code="a">Robòtica en medicina</subfield>
   </datafield>
   <datafield tag="653" ind2=" " ind1=" ">
      <subfield code="a">Logopèdia</subfield>
   </datafield>
   <datafield ind2="0" ind1="0" tag="245">
      <subfield code="a">Equipamiento logopédico para personas con discapacidades psíquicas severas</subfield>
   </datafield>
</record></metadata></record></GetRecord></OAI-PMH>